| 000 | 00455nam a2200157 i 4500 | ||
|---|---|---|---|
| 001 | 62848 | ||
| 003 | ES-MaACL | ||
| 005 | 20230906164735.0 | ||
| 007 | t| | ||
| 008 | 031126s1977 sp ||||1| spa d | ||
| 100 | 1 |
_aFernández de la Mora, Gonzalo. _949670 |
|
| 245 | 1 | 3 |
_aLa partitocracia / _cG. Fernández de la Mora. |
| 260 |
_aMadrid : _bInstituto de Estudios Políticos, _c1977. |
||
| 300 |
_a307 p. ; _c21 cm. |
||
| 852 |
_aES-MaACL _jA-8046 _bR.96654 |
||
| 999 |
_c62848 _d62848 |
||